00295nam a2200121Ia 4500008004100000041000900041082001800050100001900068245003300087260003700120300000800157650000800165230718s9999 xx 000 0 und d aEng. a381.34bP. -C aP. P Malthotra 0aconsumer Protection Reporter aPakistanbvinod Publishersc1999 a744 aLaw